Egy újfajta kritikai szociológiáért: moralitás, hermeneutikai kritika és kritikai utópia
Elmentve itt :
| Szerző: | |
|---|---|
| További közreműködők: | |
| Adatforrás: | Philobibl |
| Forrásdokumentuma: | Replika 2008:62. p. 155-165. |
| Dokumentumtípus: | Cikk |
| Nyelv: | magyar |
| Kulcsszavak: | morál szociológia érték hagyomány kritika társadalomelmélet |
| LEADER | 00565nab a2200181 c 4500 | ||
|---|---|---|---|
| 001 | bibPHI0037881 | ||
| 005 | 20200924123906.7 | ||
| 008 | 100513s2008 hu hun | ||
| 100 | 1 | |a Corcuff, Philippe | |
| 245 | 1 | 4 | |a Egy újfajta kritikai szociológiáért: moralitás, hermeneutikai kritika és kritikai utópia |c Philippe Corcuff ; [ford. Fáber Ágoston] |
| 695 | |a morál | ||
| 695 | |a szociológia | ||
| 695 | |a érték | ||
| 695 | |a hagyomány | ||
| 695 | |a kritika | ||
| 695 | |a társadalomelmélet | ||
| 700 | 1 | |a Fáber Ágoston | |
| 773 | 0 | |t Replika |g 2008:62. p. 155-165. | |